[Event "BOL-ch (Women)"]
[Site "Sucre"]
[Date "2018.01.12"]
[Round "3"]
[White "Ramirez, Cielo"]
[Black "Cordero, Daniela"]
[Result "0-1"]
[WhiteElo "1284"]
[BlackElo "2037"]
[PlyCount "124"]
[EventDate "2018.01.11"]
[EventType "tourn"]
[EventRounds "7"]
[EventCountry "BOL"]
[SourceTitle "EXT 2019"]
[Source "ChessBase"]
[SourceDate "2018.10.10"]
[SourceVersion "1"]
[SourceVersionDate "2018.10.10"]
[SourceQuality "1"]

1. e4 e6 2. Nf3 d5 3. exd5 exd5 4. d3 Bd6 5. g3 Ne7 6. Bg2 Bg4 7. Qd2 Qd7 8. 0-0 0-0 9. Re1 f6 10. a3 c5 11. Nc3 Nbc6 12. d4 cxd4 13. Nxd4 Be5 14. Nf3 d4 15. Ne4 Rad8 16. Qd3 b6 17. Ned2 Bf5 18. Qc4+ Kh8 19. Nb3 a5 20. Nh4 Be6 21. Qd3 a4 22. Nd2 Bd5 23. Bf1 f5 24. Ndf3 Bf6 25. Bh3 g6 26. Bd2 Qb7 27. Bg5 Bg7 28. Bd2 b5 29. Ng5 Ne5 30. Qf1 h6 31. Ngf3 Nxf3+ 32. Nxf3 Bxf3 33. Bb4 Rfe8 34. Bxe7 Rxe7 35. Rxe7 Qxe7 36. Qxb5 d3 37. cxd3 Bd4 38. Rf1 Qa7 39. Bg2 Be2 40. Rc1 Bxf2+ 41. Kh1 Bxd3 42. Qe5+ Qg7 43. Qa5 Re8 44. Qxa4 Qe7 45. h4 Qe3 46. Rd1 Re7 47. Qa8+ Kg7 48. Qd5 Be4 49. Bxe4 Rxe4 50. Qd3 Bxg3 51. Qxe3 Rxe3 52. b4 Rxa3 53. b5 Rb3 54. Rd7+ Kf6 55. Rb7 Bxh4 56. Rb8 Rb2 57. b6 Kg5 58. Kg1 Bg3 59. Rb7 Kg4 60. Re7 Kf3 61. Kh1 Rb1+ 62. Re1 Rxe1# 0-1